The Oxford Handbook of Organizational Decision Making/ (Record no. 83939)
[ view plain ]
| 000 -LEADER | |
|---|---|
| fixed length control field | 00636nam a22001817a 4500 |
| 005 - DATE AND TIME OF LATEST TRANSACTION | |
| control field | 20140505105838.0 |
| 010 ## - LCCN (DPL NO) | |
| LC control number | B-505580 |
| 020 ## - INTERNATIONAL STANDARD BOOK NUMBER | |
| International Standard Book Number | 9780199644582 |
| Terms of availability | 1250.00 |
| 035 ## - SYSTEM CONTROL NUMBER | |
| System control number | B-505580 |
| 037 ## - SOURCE OF ACQUISITION | |
| Stock number | dpl |
| Source of stock number/acquisition | BSB/Ven |
| 082 ## - DEWEY DECIMAL CLASSIFICATION NUMBER | |
| Classification number | 658.403 |
| 245 ## - TITLE STATEMENT | |
| Title | The Oxford Handbook of Organizational Decision Making/ |
| Statement of responsibility, etc | edited by Gerard P. Hodgkinson and William H.Starbuck |
| 260 ## - PUBLICATION, DISTRIBUTION, ETC. (IMPRINT) | |
| Place of publication, distribution, etc | New Delhi |
| Name of publisher, distributor, etc | Oxford University Press |
| Date of publication, distribution, etc | 2012 |
| 300 ## - PHYSICAL DESCRIPTION | |
| Extent | 620p. |
| Dimensions | 21cm(pbk) |
| 700 ## - ADDED ENTRY--PERSONAL NAME | |
| Dates associated with a name | Starbuck, William H. |
| 942 ## - ADDED ENTRY ELEMENTS (KOHA) | |
| Source of classification or shelving scheme | Dewey Decimal Classification |
| Item type | English Books |
| Classification part | 658.403 |
| Call number suffix | OXF |
| Withdrawn status | Lost status | Not for loan | Collection code | Home library | Current library | Date acquired | Source of acquisition | Cost, normal purchase price | Full call number | Barcode | Copy number | Cost, replacement price | Koha item type |
|---|---|---|---|---|---|---|---|---|---|---|---|---|---|
| Not For Loan | Reference | Central Library | Central Library | 05/05/2014 | BSB/884/09.03.2013/169/08.03.2013/20.03.2013 | 1250.00 | 658.403 OXF | B-505580 | 1 | 1250.00 | English Books |
